|
|
|
|
| LEADER |
00846nam a2200241 4500 |
| 001 |
c000123034 |
| 003 |
CARM |
| 005 |
00000000000000.0 |
| 008 |
731001s1966 enk 00011 eng |
| 010 |
|
|
|a 67092307 //r942
|
| 015 |
|
|
|a B66-13598
|
| 019 |
1 |
|
|a 687124
|5 LACONCORD2021
|
| 035 |
|
|
|a (OCoLC)2110400
|5 LACONCORD2021
|
| 050 |
|
0 |
|a PZ3.H364
|b Mc3
|
| 100 |
1 |
|
|a Heinlein, Robert A.
|q (Robert Anson),
|d 1907-1988.
|
| 245 |
1 |
4 |
|a The menace from Earth,
|c by Robert A. Heinlein.
|
| 260 |
|
|
|a London,
|b Dobson,
|c 1966.
|
| 300 |
|
|
|a 255 p.
|c 20 1/2 cm.
|
| 650 |
|
0 |
|a Science fiction, American.
|
| 852 |
8 |
|
|b CARM
|h A2:AO09A0
|i A01170
|p 0110931
|f BK
|
| 082 |
0 |
|
|a 813.52
|
| 999 |
f |
f |
|i a86415b4-98c1-5553-bc17-af97712e1066
|s fbe5f880-8d35-5158-8042-7a23da0ad8fe
|
| 952 |
f |
f |
|p Can circulate
|a CAVAL
|b CAVAL
|c CAVAL
|d CARM 1 Store
|e A01170
|f A2:AO09A0
|h Other scheme
|i book
|m 0110931
|